000 00505nam a2200205Ia 4500
003 OSt
005 20140312080948.0
008 140130s9999 xx 000 0 und d
020 _a0590629840
050 _aPZ 7
_b.Os81167Mr 1993
100 _aOsborne, Mary Pope
245 _aMummies in the morning /
_cMary Pope Osborne.
260 _bScholastic,
_c1993.
_aNew York :
300 _a65 p. :
_bill. ;
_c18 cm.
440 _v1
521 _aG1
526 _c230
942 _cBK
_2lcc
999 _c41675
_d41675